000 01138nam0a22003011 4500
001 rc\2814283
005 20250806211037.0
035 _a(NLR Aleph) 006940073
090 _a37113
_c37113
100 _a20110915d1945 u y0rusy50 ca
101 0 _arus
102 _aRU
105 _ab g |||||
200 1 _aАвстрия
_eКраткий справочник
_fН. Сидоров
_gПод общ. ред. Ф. Голубева
205 _a2-е изд., стер.
210 _aМосква
_cВоен. изд-во
_d1945
_gтип. им. Тимошенко
215 _a40 с., 1 л. карт.
_d20 см.
300 _aРазделы "Природные условия" и "Экономика Австрии" написаны А. С. Добровым
700 1 _aСидоров
_bН.
702 1 _aГолубев
_bФ.
_4340
702 1 _aДобров
_bА.С.
_gАлександр Семенович
_4570
801 0 _aRU
_bNLR
_gpsbo
801 1 _aRU
_bELAR
_2rusmarc
852 _aNLR
_j121Австр/С-34
942 _cBOOK
945 _aРоссийская национальная библиотека
980 _aNB
980 _aBV